000 00361cam a2200145ua 4500
041 _aeng
_h
082 _a828.09
_bSKE/PO
100 _aSkelton, Robin .
245 _aPoetic pattern /
_cRobin skeleton.
_hTextual Documents
260 _aLondon :
_bRoutledge & Kegan Paul Ltd ,
_c1957.
300 _a228 ; .
504 _a
942 _cBK
999 _c5342
_d5342